MDQL
is popping MORE tags! Check the
thread
!
Quizzes
Events
Quiz Creation
Community
Videos
Private Events
Remove Ads
Sign In
Join for FREE
Feedback
Dark Mode
Quiz Categories
Sports
Geography
Music
Movies
Television
Just For Fun
Miscellaneous
History
Literature
Language
Science
Gaming
Entertainment
Religion
Holiday
For Kids
Quiz Lab
Recent
Popular Today
Quiz Kudos Today
Editor Picks
Curator Picks
Quizzes by...
Day
Popularity
Type
Ratings
Length
Year
Community
Subscriptions
Recent Discussions
Orange Saloon
Badges
Playlists
Quests
Create
Leaderboards
Showdown
Live 5
Trivia Bingo
Activity
Puzzle Library
Sporcle Events
Private Events
Virtual Trivia
Globe League
Become a Host
Pub Owners
SporcleCon
Opinionation
Our Games
Videos
Blog
Mobile Apps
Partnerships
Remove Ads and Go Orange
Feedback
Sports
Athletes
MLB
NBA
NHL
NFL
Soccer
Sports Teams
WWE
NCAA
Football
Premier League
Basketball
Baseball
Hockey
Golf
Tennis
Cricket
Rugby
Auto Racing
Olympics
World Cup
Sports
Athletes
MLB
NBA
NHL
NFL
Soccer
Sports Teams
WWE
NCAA
Football
Premier League
Basketball
Baseball
Hockey
Golf
Tennis
Cricket
Rugby
Auto Racing
Olympics
World Cup
Random Quiz
Search Sporcle
×
Quiz Lab
Quiz Lab
Sports
Soccer
Type in answers that appear in a list
Type in answers that appear in a list
Classic
Best Score? Go Orange.
Scottish Football League Clubs Stats
Can you name the teams in the 2009-10 Scottish Football League?
By
statto
8m
30 Questions
2,532 Plays
2,532 Plays
2,532 Plays
Comments
Comments
Give Quiz Kudos
Give Quiz Kudos
-
- Ratings
hide this ad
Replay
Link that replays current quiz
Next Quiz
Link to next quiz in quiz playlist
You Got
0%
They Got
Avg Score
69%
Avg Friend Score
Upgrade to see
Score Distribution
Jump to the score distribution portion of the page
Score
0/30
Timer
08:00
0
Plays Today
Division
% Correct
1st Division
Dundee
88.8%
1st Division
Inverness Caledonian Thistle
77.5%
1st Division
Partick Thistle
76.2%
1st Division
Ayr United
75.7%
1st Division
Queen of the South
75.3%
1st Division
Raith Rovers
74.7%
2nd Division
Stirling Albion
73.8%
1st Division
Dunfermline Athletic
72.8%
2nd Division
Alloa Athletic
72.5%
1st Division
Ross County
72.4%
2nd Division
East Fife
71.7%
3rd Division
Queens Park
71.1%
3rd Division
Livingston
70.9%
3rd Division
East Stirlingshire
70.2%
1st Division
Greenock Morton
70.1%
Division
% Correct
1st Division
Airdrie United
69.3%
3rd Division
Forfar Athletic
68.8%
3rd Division
Berwick Rangers
68.1%
2nd Division
Cowdenbeath
67.9%
2nd Division
Arbroath
67.4%
2nd Division
Clyde
67.3%
2nd Division
Peterhead
64.6%
3rd Division
Elgin City
64.4%
3rd Division
Montrose
63.9%
2nd Division
Brechin City
63.7%
2nd Division
Stenhousemuir
63.7%
2nd Division
Dumbarton
62%
3rd Division
Annan Athletic
61.6%
3rd Division
Albion Rovers
58.7%
3rd Division
Stranraer
58.6%
Quiz Playlist
Details
Report
Send in Message
Add To Playlist
Classic:
Type in answers that appear in a list
Quiz Source
Last Updated: Apr 10, 2017
Quiz Scoreboard
CHALLENGE
Sign Up to Join the Scoreboard
Show All
Scores
Hide
Comments
May contain spoilers
Recently Published
Street Fighter Characters
by Artimus82
Gaming
60s
9x9 Crossword: Cartoon Network
by jackfrog10
Miscellaneous
3m
College Basketball Coaching Resumes
by pancakes188
Sports
9m
More to Explore
Quiz From the Vault
Featured Blog Post
Where Did the Easter Bunny Come From?
hide this ad
You Might Also Like...
Tags
Football Quiz
Soccer Quiz
2009-2010
club
Division
Football League
League
scottish
team
Today's Top Quizzes in Sports
Browse Sports
hide this ad
Today's Top Quizzes in Soccer
Browse Soccer
Top Contributed Quizzes in Sports
1
2022 World Cup Stars
2
Les meilleurs buteurs des matchs entre le PSG et l’OM
3
FIFA Club World Cup Champions
4
Les entraîneurs de l'OM et du PSG au 21e siècle
5
Criteria MLB: Left Handed Sluggers
6
2023 MLB Unique Player Accomplishments
7
AFC Teams Reveal (Wrong Answers Minefield)
8
5-to-1: FBS Animal Nicknames
9
Players with Multiple 50 Home Run Seasons
10
5-to-1: UK Sports Teams
Explore More
Trending Topics
Marvel
Crossword
Disney
Kpop
Harry Potter
Anime
NBA
NFL
Country
The Office
Soccer
WWE
Puzzle
Song
Pokémon
hide this ad
More By:
statto
Quiz
Plays
Rating
Category
Featured
Created
Opening Day Lineups: Diamondbacks
60,562
4.46
Sports
Sep 24, 2009
Most NCAAB Tourney Appearances by State
8,337
3.79
Sports
Sep 5, 2010
NBA 2009-10 Opening Day Starting Lineups
4,984
4.29
Sports
Oct 31, 2009
Never Top Flight English Clubs
3,857
4.38
Sports
Aug 24, 2010
Scottish Football League Clubs
2,532
4.23
Sports
Sep 24, 2009
Go to Creator's Profile
Score Distribution
Quiz Creator Spotlight
statto
Follow
Send a Message
Quizzes Created
-
Created Quiz Play Count
-
More By This Creator
Popular Quizzes Today
1
Find the US States - No Outlines Minefield
2
Find the Countries of Europe - No Outlines Minefield
3
The Countries of the World
4
Find the US States
5
Risky Map Clicking: Biggest States A-Z
6
US States
7
Popular People in 1961
8
Movies - When Are They Set?
More Sports Quizzes
Soccer Passports XXXII
Quiz Lab
Trending Quizzes
Risky Map Clicking: Least Populous States A-Z
Countries of the World: 200 Million BC
1-10 Letter G Words
Risky Map Clicking: Next State Alphabetically
Adjectives in 80s TV Shows
Recently Updated
Leaping Animals
pecheneg
Reality TV Shows (A-Z)
bhenderson79
Rickey Henderson's Hall of Fame Teammates
pecheneg
Champions League XIs: Arsenal
pecheneg
Quick Pick: Celebrities in WWE's Hall of Fame
aduchscher
A-Z Keypad Blitz II
pecheneg
Multiple Oscar Actors
pecheneg
Mystery Phrase Blitz: Oscar 'Best Actors'
pecheneg
F. Scott Fitzgerald Novels
LTH
Pick 3 Villains
ddd62291
Trending Topics
Crossword
Marvel
Anime
NBA
Kpop
Harry Potter
Disney
WWE
The Office
NFL
Pokémon
Country
Song
Puzzle
Soccer
Your Account Isn't Verified!
In order to create a playlist on Sporcle, you need to verify the email address you used during registration. Go to your
Sporcle Settings
to finish the process.
Report this User
Report this user for behavior that violates our
Community Guidelines
.
Details:
Send Report
Go to the Sporcle.com Mobile Site →
Comments